Personnel psychology / (Record no. 366759)
[ view plain ]
| 000 -LEADER | |
|---|---|
| fixed length control field | 01077nam a22002297a 4500 |
| 003 - CONTROL NUMBER IDENTIFIER | |
| control field | 0 |
| 005 - DATE AND TIME OF LATEST TRANSACTION | |
| control field | 20241119091945.0 |
| 008 - FIXED-LENGTH DATA ELEMENTS--GENERAL INFORMATION | |
| fixed length control field | 241119b xxu||||| |||| 00| 0 eng d |
| 020 ## - INTERNATIONAL STANDARD BOOK NUMBER | |
| International Standard Book Number | 9781138842229 |
| 050 ## - LIBRARY OF CONGRESS CALL NUMBER | |
| Classification number | HF 5548.8 |
| Item number | .L86 2024 |
| 100 ## - MAIN ENTRY--PERSONAL NAME | |
| Personal name | Luong, Alexandra, |
| Relator term | author. |
| 245 ## - TITLE STATEMENT | |
| Title | Personnel psychology / |
| Statement of responsibility, etc | Alexandra Luong, Justin M. Sprung and Michael J. Zickar. |
| 260 ## - PUBLICATION, DISTRIBUTION, ETC. (IMPRINT) | |
| Place of publication, distribution, etc | New York, NY : |
| Name of publisher, distributor, etc | Routledge, |
| Date of publication, distribution, etc | 2024. |
| 300 ## - PHYSICAL DESCRIPTION | |
| Extent | v, 250 p. : |
| Other physical details | ill. ; |
| Dimensions | 26 cm. |
| 504 ## - BIBLIOGRAPHY, ETC. NOTE | |
| Bibliography, etc | Includes bibliographical references and index. |
| 520 ## - SUMMARY, ETC. | |
| Summary, etc | "Accessible and engaging, this textbook introduces students to the field of personnel psychology, also known as industrial psychology. Based on their years of teaching in this area, Luong, Sprung, and Zickar survey core topics in the field, including job analysis, recruitment, selection, assessment, and performance evaluation"--Provided by publisher. |
| 650 ## - SUBJECT ADDED ENTRY--TOPICAL TERM | |
| Topical term or geographic name as entry element | Psychology, Industrial. |
| 650 ## - SUBJECT ADDED ENTRY--TOPICAL TERM | |
| Topical term or geographic name as entry element | Personnel management. |
| 700 ## - ADDED ENTRY--PERSONAL NAME | |
| Personal name | Sprung, Justin M., |
| Relator term | author. |
| 700 ## - ADDED ENTRY--PERSONAL NAME | |
| Personal name | Zickar, Michael J., |
| Relator term | author. |
| 942 ## - ADDED ENTRY ELEMENTS (KOHA) | |
| Source of classification or shelving scheme | Library of Congress Classification |
| Koha item type | Books |
| Withdrawn status | Lost status | Source of classification or shelving scheme | Damaged status | Home library | Current library | Shelving location | Date acquired | Source of acquisition | Sub Shelving location | Total Checkouts | Full call number | Barcode | Date last seen | Price effective from | Koha item type |
|---|---|---|---|---|---|---|---|---|---|---|---|---|---|---|---|
| Library of Congress Classification | College Library | College Library | Reserve Section | 11/19/2024 | Library Fund | HF 5548.8 .L86 2024 | C24013 | 11/19/2024 | 11/19/2024 | Books |